| 000 | 00636nam a2200217Ii 4500 | ||
|---|---|---|---|
| 003 | JO-AjNU | ||
| 008 | 230606s9999||||xx |||||||||||||| ||und|| | ||
| 020 | _a0-13-028446-7 | ||
| 040 |
_aJO-AjNU _beng _erda _cJO-AjNU |
||
| 041 | _aeng | ||
| 050 | 1 | 4 | _aQA76.9.D35.S45.2001 |
| 100 | 3 |
_aShaffer,Clifford, _eauthor _9813 |
|
| 245 | 0 | 0 | _aApractical introduction to Data Structures And Algorithm Analaysis |
| 250 | _a2 ed | ||
| 264 | 3 | 1 | _aPRENTIC HALL PTR:NEW JERSEY,1997 |
| 300 | _a512p | ||
| 336 |
_atext _btxt _2rdacontent |
||
| 337 |
_aunmediated _bn _2rdamedia |
||
| 338 |
_avolume _bnc _2rdacarrier |
||
| 650 | 4 |
_aDATA STRUTURES _9814 |
|
| 999 |
_aE428 _c428 _d428 |
||